<?xml version="1.0" encoding="UTF-8"?>
<record
    xmlns:xsi="http://www.w3.org/2001/XMLSchema-instance"
    xsi:schemaLocation="http://www.loc.gov/MARC21/slim http://www.loc.gov/standards/marcxml/schema/MARC21slim.xsd"
    xmlns="http://www.loc.gov/MARC21/slim">

  <leader>00458nam a22001697a 4500</leader>
  <controlfield tag="003">OSt</controlfield>
  <controlfield tag="008">240411b        |||||||| |||| 00| 0 eng d</controlfield>
  <datafield tag="020" ind1=" " ind2=" ">
    <subfield code="a">9789386551559</subfield>
  </datafield>
  <datafield tag="082" ind1=" " ind2=" ">
    <subfield code="a">658.478 BHF</subfield>
  </datafield>
  <datafield tag="100" ind1=" " ind2=" ">
    <subfield code="a">BHUSHAN,Mayank</subfield>
  </datafield>
  <datafield tag="245" ind1=" " ind2=" ">
    <subfield code="a">Fundamental of Cyber Security: Principles, Theory and Practice</subfield>
  </datafield>
  <datafield tag="260" ind1=" " ind2=" ">
    <subfield code="a">New Delhi </subfield>
    <subfield code="b">BPB Publication </subfield>
    <subfield code="c">2024</subfield>
  </datafield>
  <datafield tag="300" ind1=" " ind2=" ">
    <subfield code="a">212</subfield>
  </datafield>
  <datafield tag="700" ind1=" " ind2=" ">
    <subfield code="a">RATHORE, Rajkumar Singh</subfield>
  </datafield>
  <datafield tag="700" ind1=" " ind2=" ">
    <subfield code="a">JAMSHED, Aatif</subfield>
  </datafield>
  <datafield tag="942" ind1=" " ind2=" ">
    <subfield code="2">ddc</subfield>
    <subfield code="c">BK</subfield>
  </datafield>
  <datafield tag="999" ind1=" " ind2=" ">
    <subfield code="c">12452</subfield>
    <subfield code="d">12452</subfield>
  </datafield>
  <datafield tag="952" ind1=" " ind2=" ">
    <subfield code="0">0</subfield>
    <subfield code="1">0</subfield>
    <subfield code="2">ddc</subfield>
    <subfield code="4">0</subfield>
    <subfield code="7">0</subfield>
    <subfield code="8">MCA</subfield>
    <subfield code="a">PIET</subfield>
    <subfield code="b">PIET</subfield>
    <subfield code="d">2024-03-23</subfield>
    <subfield code="e">Zafaa Books and Distributors</subfield>
    <subfield code="f">In rupees</subfield>
    <subfield code="g">399.00</subfield>
    <subfield code="k">ZBD0443</subfield>
    <subfield code="l">0</subfield>
    <subfield code="o">658.478 BHF</subfield>
    <subfield code="p">35762</subfield>
    <subfield code="r">2024-04-11 00:00:00</subfield>
    <subfield code="v">291.27</subfield>
    <subfield code="w">2024-03-23</subfield>
    <subfield code="y">BK</subfield>
  </datafield>
  <datafield tag="952" ind1=" " ind2=" ">
    <subfield code="0">0</subfield>
    <subfield code="1">0</subfield>
    <subfield code="2">ddc</subfield>
    <subfield code="4">0</subfield>
    <subfield code="7">0</subfield>
    <subfield code="8">BTECHCSE</subfield>
    <subfield code="a">PIET</subfield>
    <subfield code="b">PIET</subfield>
    <subfield code="d">2025-04-11</subfield>
    <subfield code="e">Zaffa Books</subfield>
    <subfield code="f">INR</subfield>
    <subfield code="g">399.00</subfield>
    <subfield code="k">ZBD0033</subfield>
    <subfield code="l">0</subfield>
    <subfield code="o">658.478 BHF</subfield>
    <subfield code="p">39223</subfield>
    <subfield code="r">2025-04-18 00:00:00</subfield>
    <subfield code="v">291.27</subfield>
    <subfield code="w">2025-04-11</subfield>
    <subfield code="y">BK</subfield>
  </datafield>
  <datafield tag="952" ind1=" " ind2=" ">
    <subfield code="0">0</subfield>
    <subfield code="1">0</subfield>
    <subfield code="2">ddc</subfield>
    <subfield code="4">0</subfield>
    <subfield code="7">0</subfield>
    <subfield code="8">BTECHCSE</subfield>
    <subfield code="a">PIET</subfield>
    <subfield code="b">PIET</subfield>
    <subfield code="d">2025-04-11</subfield>
    <subfield code="e">Zaffa Books</subfield>
    <subfield code="f">INR</subfield>
    <subfield code="g">399.00</subfield>
    <subfield code="k">ZBD0033</subfield>
    <subfield code="l">0</subfield>
    <subfield code="o">658.478 BHF</subfield>
    <subfield code="p">39224</subfield>
    <subfield code="r">2025-04-18 00:00:00</subfield>
    <subfield code="v">291.27</subfield>
    <subfield code="w">2025-04-11</subfield>
    <subfield code="y">BK</subfield>
  </datafield>
  <datafield tag="952" ind1=" " ind2=" ">
    <subfield code="0">0</subfield>
    <subfield code="1">0</subfield>
    <subfield code="2">ddc</subfield>
    <subfield code="4">0</subfield>
    <subfield code="7">0</subfield>
    <subfield code="8">BCACTIS</subfield>
    <subfield code="a">PIET</subfield>
    <subfield code="b">PIET</subfield>
    <subfield code="d">2026-05-13</subfield>
    <subfield code="e">Zafaa Books and Distributors</subfield>
    <subfield code="f">INR</subfield>
    <subfield code="g">399.00</subfield>
    <subfield code="k">ZBD2026-27-0043</subfield>
    <subfield code="l">0</subfield>
    <subfield code="o">658.478 BHF</subfield>
    <subfield code="p">BC2717</subfield>
    <subfield code="r">2026-05-18 15:40:44</subfield>
    <subfield code="v">291.27</subfield>
    <subfield code="w">2026-05-13</subfield>
    <subfield code="y">BK</subfield>
  </datafield>
  <datafield tag="952" ind1=" " ind2=" ">
    <subfield code="0">0</subfield>
    <subfield code="1">0</subfield>
    <subfield code="2">ddc</subfield>
    <subfield code="4">0</subfield>
    <subfield code="7">0</subfield>
    <subfield code="8">BCACTIS</subfield>
    <subfield code="a">PIET</subfield>
    <subfield code="b">PIET</subfield>
    <subfield code="d">2026-05-13</subfield>
    <subfield code="e">Zafaa Books and Distributors</subfield>
    <subfield code="f">INR</subfield>
    <subfield code="g">399.00</subfield>
    <subfield code="k">ZBD2026-27-0043</subfield>
    <subfield code="l">0</subfield>
    <subfield code="o">658.478 BHF</subfield>
    <subfield code="p">BC2718</subfield>
    <subfield code="r">2026-05-18 15:40:44</subfield>
    <subfield code="v">291.27</subfield>
    <subfield code="w">2026-05-13</subfield>
    <subfield code="y">BK</subfield>
  </datafield>
  <datafield tag="952" ind1=" " ind2=" ">
    <subfield code="0">0</subfield>
    <subfield code="1">0</subfield>
    <subfield code="2">ddc</subfield>
    <subfield code="4">0</subfield>
    <subfield code="7">0</subfield>
    <subfield code="8">BCACTIS</subfield>
    <subfield code="a">PIET</subfield>
    <subfield code="b">PIET</subfield>
    <subfield code="d">2026-05-13</subfield>
    <subfield code="e">Zafaa Books and Distributors</subfield>
    <subfield code="f">INR</subfield>
    <subfield code="g">399.00</subfield>
    <subfield code="k">ZBD2026-27-0043</subfield>
    <subfield code="l">0</subfield>
    <subfield code="o">658.478 BHF</subfield>
    <subfield code="p">BC2719</subfield>
    <subfield code="r">2026-05-18 15:40:44</subfield>
    <subfield code="v">291.27</subfield>
    <subfield code="w">2026-05-13</subfield>
    <subfield code="y">BK</subfield>
  </datafield>
  <datafield tag="952" ind1=" " ind2=" ">
    <subfield code="0">0</subfield>
    <subfield code="1">0</subfield>
    <subfield code="2">ddc</subfield>
    <subfield code="4">0</subfield>
    <subfield code="7">0</subfield>
    <subfield code="8">BCACTIS</subfield>
    <subfield code="a">PIET</subfield>
    <subfield code="b">PIET</subfield>
    <subfield code="d">2026-05-13</subfield>
    <subfield code="e">Zafaa Books and Distributors</subfield>
    <subfield code="f">INR</subfield>
    <subfield code="g">399.00</subfield>
    <subfield code="k">ZBD2026-27-0043</subfield>
    <subfield code="l">0</subfield>
    <subfield code="o">658.478 BHF</subfield>
    <subfield code="p">BC2720</subfield>
    <subfield code="r">2026-05-18 15:40:44</subfield>
    <subfield code="v">291.27</subfield>
    <subfield code="w">2026-05-13</subfield>
    <subfield code="y">BK</subfield>
  </datafield>
  <datafield tag="952" ind1=" " ind2=" ">
    <subfield code="0">0</subfield>
    <subfield code="1">0</subfield>
    <subfield code="2">ddc</subfield>
    <subfield code="4">0</subfield>
    <subfield code="7">0</subfield>
    <subfield code="8">BCACTIS</subfield>
    <subfield code="a">PIET</subfield>
    <subfield code="b">PIET</subfield>
    <subfield code="d">2026-05-13</subfield>
    <subfield code="e">Zafaa Books and Distributors</subfield>
    <subfield code="f">INR</subfield>
    <subfield code="g">399.00</subfield>
    <subfield code="k">ZBD2026-27-0043</subfield>
    <subfield code="l">0</subfield>
    <subfield code="o">658.478 BHF</subfield>
    <subfield code="p">BC2721</subfield>
    <subfield code="r">2026-05-18 15:40:44</subfield>
    <subfield code="v">291.27</subfield>
    <subfield code="w">2026-05-13</subfield>
    <subfield code="y">BK</subfield>
  </datafield>
</record>
